Aran Caterers Ltd v Stepien Lake Gilbert & Paling (Record no. 69261)

MARC details
000 -LEADER
fixed length control field 01352cam a2200217 4500
001 - CONTROL NUMBER
control field ABS64920
008 - FIXED-LENGTH DATA ELEMENTS--GENERAL INFORMATION
fixed length control field 020114n2001 000 0 eng u
035 ## - SYSTEM CONTROL NUMBER
System control number (Sirsi) u116273
245 ## - TITLE STATEMENT
Title Aran Caterers Ltd v Stepien Lake Gilbert & Paling
260 ## - PUBLICATION, DISTRIBUTION, ETC.
Date of publication, distribution, etc. 2001
490 ## - SERIES STATEMENT
Series statement Estates Gazette
Volume/sequential designation [2001] 01 EG 76, 76-82(7)
520 ## - SUMMARY, ETC.
Summary, etc. ChD 26 June 2001. Claimant (A) granted lease of term of shop premises proctected by the Landlord and Tenant Act 1954 Part II. A used the premises for the business of making sandwiches for sale in the shop. The landlord (S) served a notice on A and a counternotice was served in June 1997. S failed to make an originating application seeking the grant of a new tenancy. A then entered into a lease of the premises until June 2006, but because of uncertainty of security of tenure acquired a long leasehold interest but at a less favourable position and was seeking damages against S. Damages of £315,000 were awarded; the judge agreed it was very difficult to reach a decision on the exact value.
650 ## - SUBJECT ADDED ENTRY--TOPICAL TERM
Topical term or geographic name entry element ARAN CATERS LTD V STEPIEN LAKE GILBERT AND PALING
650 ## - SUBJECT ADDED ENTRY--TOPICAL TERM
Topical term or geographic name entry element LANDLORD AND TENANT ACT 1954 PART II
650 ## - SUBJECT ADDED ENTRY--TOPICAL TERM
Topical term or geographic name entry element SOLICITORS
650 ## - SUBJECT ADDED ENTRY--TOPICAL TERM
Topical term or geographic name entry element ASSESSMENT OF DAMAGES
650 ## - SUBJECT ADDED ENTRY--TOPICAL TERM
Topical term or geographic name entry element PREMISES
650 ## - SUBJECT ADDED ENTRY--TOPICAL TERM
Topical term or geographic name entry element APPROPRIATE MULTIPLER
690 ## - LOCAL SUBJECT ADDED ENTRY--TOPICAL TERM (OCLC, RLIN)
Topical term or geographic name as entry element LANDLORD AND TENANT-BUSINESS TENANCIES-CASE LAW
942 ## - ADDED ENTRY ELEMENTS (KOHA)
Suppress in OPAC 0
Holdings
Withdrawn status Lost status Source of classification or shelving scheme Damaged status Not for loan Home library Current library Shelving location Date acquired Total Checkouts Full call number Barcode Date last seen Copy number Price effective from Koha item type
    Dewey Decimal Classification     London London Journal article 14/01/2002   ABS64920 116273-1001 06/08/2019 1 06/08/2019 Law report